• 首页
  • 本馆介绍
  • 公告通知
  • 最新文献
  • 馆藏检索
  • 电子资源
  • 读者导购
  • 参考咨询
  • 我的图书馆
  • 登录
  • 详细信息显示
  • 放入我的书架
  • 预约/预借图书
  • 作者相关作品
  • 分类相关作品
  • 丛书相关作品
  • 出版社相关作品

书目信息

  • 表格格式
  • 工作单格式
  • 卡片格式
题名:
综合素质(小学)历年真题解析
    
 
作者: 新东方国内大学项目事业部 编著
分册:  
出版信息: 武汉   华中科技大学出版社  2019.9
页数: 138页
开本: 26cm
丛书名:
单 册:
中图分类: G625.1-44
科图分类:
主题词: 素质教育--小学教师--资格考试--题解
电子资源:
ISBN: 978-7-5680-5670-0
000 01210nam0 2200229 45
001 012001003634
005 20131105084754.0
010    @a978-7-5680-5670-0@dCNY29.80
100    @a20190911d2019 em y0chiy0110 ea
101 0  @achi
102    @aCN@b420000
105    @ay z 000yy
106    @ar
200 1  @a综合素质(小学)历年真题解析@9zong he su zhi ( xiao xue ) li nian zhen ti jie xi@f新东方国内大学项目事业部编著
210    @a武汉@c华中科技大学出版社@d2019.9
215    @a138页@d26cm
330    @a小学教师资格考试内容包括职业理念(教育观、学生观、教师观)、教育法律法规(有关教育的法律法规、教师权利和义务、学生权利保护)、教师职业道德规范(教师职业道德、教师职业行为)、文化素养、基本能力(阅读理解能力、逻辑思维能力、信息处理能力、写作能力)五部分。本书稿精选教师资格考试最近10次小学综合素质科目笔试真题,按照考试年份逐次呈现,纵览近年来考题考情变化,吃透出题人命题规律。真题题集和答案解析单独成册,方便使用。真题题集中每套试题排版无限接近考试真题。
606 0  @a素质教育@x小学教师@x资格考试@x题解
690    @aG625.1-44@v5
701  0 @a新东方国内大学项目事业部@9xin dong fang guo nei da xue xiang mu shi ye bu@4编著
801  0 @aCN@b上海新华@c20191020
905    @b1206067-71@dG625.1-44@e975@f5
    
    综合素质(小学)历年真题解析/新东方国内大学项目事业部编著.-武汉:华中科技大学出版社,2019.9
    138页;26cm
    
    
    ISBN 978-7-5680-5670-0:CNY29.80
    小学教师资格考试内容包括职业理念(教育观、学生观、教师观)、教育法律法规(有关教育的法律法规、教师权利和义务、学生权利保护)、教师职业道德规范(教师职业道德、教师职业行为)、文化素养、基本能力(阅读理解能力、逻辑思维能力、信息处理能力、写作能力)五部分。本书稿精选教师资格考试最近10次小学综合素质科目笔试真题,按照考试年份逐次呈现,纵览近年来考题考情变化,吃透出题人命题规律。真题题集和答案解析单独成册,方便使用。真题题集中每套试题排版无限接近考试真题。
●
相关链接 在E读中查询图书 在五车中查询图书 在当当中查询图书 在豆瓣中查询图书


正题名:综合素质(小学)历年真题解析     索取号:G625.1-44/975         预约/预借

序号 登录号 条形码 馆藏地/架位号 状态 备注
1 1206067   212060678   第一样本阅览室/ [索取号:G625.1-44/975] 在馆    
2 1206068   212060687   第四借阅区/ [索取号:G625.1-44/975] 在馆    
3 1206069   212060696   第四借阅区/ [索取号:G625.1-44/975] 在馆    
4 1206070   212060703   第四借阅区/ [索取号:G625.1-44/975] 在馆    
5 1206071   212060712   第四借阅区/ [索取号:G625.1-44/975] 在馆    
唐山师范学院图书馆 欢迎您!
大连网信软件有限公司© 版权所有